000 00575 a2200169 4500
020 _a9812380388
020 _a9789812380388
082 _a515.73
090 _c893
_d893
100 1 _aMa, Tsoy-Wo.
245 1 0 _aBanach-hilbert spaces, vector measures and group representations /
_cTsoy-Wo Ma.
260 _a[S.l.] :
_bWorld Scientific Pub Co Inc,
_c2002.
300 _a620 p. ;
_c24 cm.
700 _aMa, Tsoy-Wo.
942 _aSNS
_cBK
_k515.73 MA
999 _c29516
_d29516